|
|
|
|
| LEADER |
01870nam a2200445 4500 |
| 001 |
on1090299175 |
| 003 |
OCoLC |
| 005 |
20200326101200.0 |
| 006 |
m o d |
| 007 |
cr cnu---unuuu |
| 008 |
190321s2019 maua ob 001 0 eng d |
| 040 |
|
|
|a N$T
|b eng
|e rda
|e pn
|c N$T
|d OPELS
|d YDX
|d GrThAP
|
| 019 |
|
|
|a 1089863821
|
| 020 |
|
|
|a 9780128174739
|
| 020 |
|
|
|a 9780128174746
|q (electronic bk.)
|
| 020 |
|
|
|a 0128174749
|q (electronic bk.)
|
| 035 |
|
|
|a (OCoLC)1090299175
|z (OCoLC)1089863821
|
| 050 |
|
4 |
|a QD400
|
| 072 |
|
7 |
|a SCI
|x 013040
|2 bisacsh
|
| 082 |
0 |
4 |
|a 547/.59
|2 23
|
| 245 |
0 |
0 |
|a Advances in heterocyclic chemistry.
|n 129 /
|c editors, Eric F.V. Scriven, Department of Chemistry, University of Florida, Gainsville, FL, USA, Christopher A. Ramsden, Lennard-Jones Laboratories, Keele University, Staffordshire, United Kingdom.
|
| 250 |
|
|
|a First edition.
|
| 264 |
|
1 |
|a Cambridge, MA :
|b Academic Press,
|c [2019]
|
| 264 |
|
4 |
|c Ã2019
|
| 300 |
|
|
|a 1 online resource :
|b illustrations
|
| 336 |
|
|
|a text
|b txt
|2 rdacontent
|
| 337 |
|
|
|a computer
|b c
|2 rdamedia
|
| 338 |
|
|
|a online resource
|b cr
|2 rdacarrier
|
| 504 |
|
|
|a Includes bibliographical references and index.
|
| 588 |
0 |
|
|a Print version record.
|
| 650 |
|
0 |
|a Heterocyclic chemistry.
|
| 650 |
|
0 |
|a Heterocyclic compounds.
|
| 650 |
|
7 |
|a SCIENCE / Chemistry / Organic.
|2 bisacsh
|
| 650 |
|
7 |
|a Heterocyclic chemistry.
|2 fast
|0 (OCoLC)fst00955735
|
| 650 |
|
7 |
|a Heterocyclic compounds.
|2 fast
|0 (OCoLC)fst00955736
|
| 655 |
|
4 |
|a Electronic books.
|
| 700 |
1 |
|
|a Scriven, Eric F. V.,
|e editor.
|
| 700 |
1 |
|
|a Ramsden, Christopher A.,
|d 1946-
|e editor.
|
| 776 |
0 |
8 |
|i Print version:
|t Advances in heterocyclic chemistry. 129.
|b First edition.
|d Cambridge, MA : Academic Press, [2019]
|z 9780128174739
|
| 856 |
4 |
0 |
|3 ScienceDirect
|u https://www.sciencedirect.com/science/bookseries/00652725/129
|z Full Text via HEAL-Link
|